000 00332nam a2200145Ia 4500
008 230917s9999||||xx |||||||||||||| ||und||
040 _e108917
_aMAIN
041 _aEnglish
082 _a332.452 I2E
100 _aICFAI
245 4 _aThe economics of gold
260 _aHyderabad
_bICFAI
_c2003
300 _a203 p.
942 _cBK
999 _c123069
_d123069